000 00394nam a22001577a 4500
005 20251108174804.0
008 250721s2005 xx 000 0 eng d
082 1 4 _aJ/F/WEE
245 1 0 _aWeebles meet the weebles ! /
264 _c2005.
650 1 7 _aFICTION
650 1 7 _aCHILDREN
653 _aأطفا ل مرحلة متوسطة(6-9)سنوات
942 _2ddc
_cBK
999 _c118051
_d118051